书目信息 |
| 题名: |
中国铁路建筑编年简史
|
|
| 作者: | 马里千 编著 | |
| 分册: | ||
| 出版信息: | 北京 中国铁道出版社 1985 |
|
| 页数: | 228页 | |
| 开本: | 21cm | |
| 丛书名: | ||
| 单 册: | ||
| 中图分类: | U21-09 | |
| 科图分类: | ||
| 主题词: | 铁路线路--铁路工程 | |
| 电子资源: | ||
| ISBN: | ||
| 000 | 00670nam0 2200241 45 | |
| 001 | 0183009303 | |
| 005 | 20040513163936.4 | |
| 010 | @dCNY1.45 | |
| 091 | @a17043.1012 | |
| 100 | @a19950623d1985 em y0chiy0121 ea | |
| 101 | 0 | @achi |
| 102 | @aCN@b110000 | |
| 105 | @ay z 000yy | |
| 106 | @ar | |
| 200 | 10 | @a中国铁路建筑编年简史@Azhong guo tie lu jian zhu bian nian jian shi@e1881-1981@f马里千编著 |
| 210 | @a北京@c中国铁道出版社@d1985 | |
| 215 | @a228页@d21cm | |
| 606 | 0 | @a铁路线路@x铁路工程 |
| 690 | @aU21-09 | |
| 701 | 0 | @a马里千@Ama li qian@4编著 |
| 801 | 0 | @aCN@b上海图书馆@c20040513 |
| 801 | 2 | @aCN@bNLC@c20040513 |
| 905 | @f2@b169000-001@dU21-09@e42 | |
| 中国铁路建筑编年简史:1881-1981/马里千编著.-北京:中国铁道出版社,1985 |
| 228页;21cm |
| ISBN :CNY1.45 |
| ● |
| 相关链接 |
|
|
|
|
正题名:中国铁路建筑编年简史
索取号:U21-09/42
 
预约/预借
| 序号 | 登录号 | 条形码 | 馆藏地/架位号 | 状态 | 备注 |
| 1 | 0169000 | 001487368 | 第三借阅区/ [索取号:U21-09/42] | 在馆 | |
| 2 | 0169001 | 001487297 | 第三借阅区/ [索取号:U21-09/42] | 在馆 | |
| 3 | 0169002 | 001487304 | 第二样本阅览室/ [索取号:U21-09/42] | 在馆 |